UBT Library

Human resource management / (Record no. 41819)

000 -LEADER
fixed length control field 00878cam a2200277 a 4500
001 - CONTROL NUMBER
control field 14710375
005 - DATE AND TIME OF LATEST TRANSACTION
control field 20180205090824.0
008 - FIXED-LENGTH DATA ELEMENTS--GENERAL INFORMATION
fixed length control field 070125s2008 njua b 001 0 eng
010 ## - LIBRARY OF CONGRESS CONTROL NUMBER
LC control number 2007003107
020 ## - INTERNATIONAL STANDARD BOOK NUMBER
International Standard Book Number 9780132225953 (pbk.)
020 ## - INTERNATIONAL STANDARD BOOK NUMBER
International Standard Book Number 0132225956 (pbk.)
035 ## - SYSTEM CONTROL NUMBER
System control number (OCoLC)ocm80360585
035 ## - SYSTEM CONTROL NUMBER
System control number (OCoLC)80360585
040 ## - CATALOGING SOURCE
Original cataloging agency DLC
Transcribing agency DLC
Modifying agency YDX
-- BAKER
-- BTCTA
-- YDXCP
-- DLC
041 ## - LANGUAGE CODE
Language code of text/sound track or separate title eng
043 ## - GEOGRAPHIC AREA CODE
Geographic area code n-us---
080 ## - UNIVERSAL DECIMAL CLASSIFICATION NUMBER
Universal Decimal Classification number 658.3 WAY
082 00 - DEWEY DECIMAL CLASSIFICATION NUMBER
Classification number 658.3 WAY
Edition number 22
100 1# - Rafti
Rafti 54
101 ## - Shkurtesa
Shkurtesa MAN
245 10 - TITLE STATEMENT
Title Human resource management /
Statement of responsibility, etc R. Wayne Mondy ; in collaboration with Judy Bandy Mondy.
504 ## - BIBLIOGRAPHY, ETC. NOTE
Bibliography, etc Includes bibliographical references and indexes.
906 ## - LOCAL DATA ELEMENT F, LDF (RLIN)
a 7
b cbc
c orignew
d 1
e ecip
f 20
g y-gencatlg
942 ## - ADDED ENTRY ELEMENTS (KOHA)
Source of classification or shelving scheme
Item type Books
Holdings
Withdrawn status Lost status Source of classification or shelving scheme Damaged status Not for loan Collection code Permanent location Current location Shelving location Date acquired Total Checkouts Full call number Barcode Date last seen Price effective from Koha item type
          Koleksioni i përgjithshem UBT - Lipjan UBT - Lipjan Koleksioni i përgjithshem 02/05/2018   658.3 WAY 002-2997573 02/05/2018 02/05/2018 Books
          Koleksioni i përgjithshem UBT - Lipjan UBT - Lipjan Koleksioni i përgjithshem 02/05/2018   658.3 WAY 002-2997564 02/05/2018 02/05/2018 Books
UBT Library © 2015-2024. All rights reserved University Education for Business and Technology